00520nam a2200145 a 4500008004100000020001800041050001500059100002000074245014900094260004200243300003600285350001100321650002700332650001500359160229s2011 ||||||||||||||||| || u a9780123756701 aQR 181 Ose aLorenzo, Joseph10aOsteoimmunology: interactions of the immune and skeletal systemscEdited by Joseph Lorenzo, Yongwon Choi, Mark Horowitz [and] Hiroshi Takayanagi aLondonbAcademic Press/Elsevierc2011 axiii, 453 pages : illustrations a112.00 0aMUSCULOSKELETAL SYSTEM 0aIMMUNOLOGY